| 000 | 005980000a22001810004500 | ||
|---|---|---|---|
| 090 |
_aAR _b01288 |
||
| 245 | 1 | 0 | _aUnivariate versus multivariate morphometric variation: an alternate viewpoint |
| 650 | 1 | 4 |
_aMorfometría _993191 |
| 650 | 1 | 4 |
_aSistemática animal _992968 |
| 650 | 1 | 4 |
_aMétodos de investigación _992859 |
| 650 | 1 | 4 |
_aEstadística multivariado _994578 |
| 653 |
_gArtibeus _eArtibeus avatsoni |
||
| 653 |
_gArtibeus _eArtibeus phaeothis |
||
| 041 | 0 | _aInglés | |
| 100 | 1 |
_aCorruccini, Robert S. _994579 |
|
| 942 | _cARTICULO | ||
| 773 | 1 |
_tSystematic Zoology _3466 _h4 _q396-397 _d1987 _g36 |
|
| 999 |
_c10373 _d10373 |
||